Wakh Hoon Tu Phela / (Record no. 524091)

000 -LEADER
fixed length control field 00444nam a22001697a 4500
003 - CONTROL NUMBER IDENTIFIER
control field NUST
038 ## - RECORD CONTENT LICENSOR
Staff Name waseem
082 ## - DEWEY DECIMAL CLASSIFICATION NUMBER
Classification number 891.421
Author Mark PAS
100 ## - MAIN ENTRY--PERSONAL NAME
Personal name Pasha, Salim
9 (RLIN) 14915
245 ## - TITLE STATEMENT
Title Wakh Hoon Tu Phela /
Statement of responsibility, etc. Salim Pasha
260 ## - PUBLICATION, DISTRIBUTION, ETC.
Place of publication, distribution, etc. Lahore :
Name of publisher, distributor, etc. Topical Publications,
Date of publication, distribution, etc. 2005.
300 ## - PHYSICAL DESCRIPTION
Extent 103 p. ;
500 ## - GENERAL NOTE
General note Paperback.
880 ## - ALTERNATE GRAPHIC REPRESENTATION
Linkage 100-02\r
Title سلیم پاشا
880 ## - ALTERNATE GRAPHIC REPRESENTATION
Linkage 245-02\r
Title وکھ ہوتوں پہلاں /
942 ## - ADDED ENTRY ELEMENTS (KOHA)
Source of classification or shelving scheme
Koha item type Book
Holdings
Withdrawn status Lost status Source of classification or shelving scheme Damaged status Not for loan Permanent Location Current Location Shelving location Date acquired Total Checkouts Full call number Barcode Date last seen Price effective from Koha item type
          Central Library (CL) Central Library (CL) Punjabi Literature 06/16/2019   891.421 PAS CL-E-1824 06/16/2019 06/16/2019 Book
© 2023 Central Library, National University of Sciences and Technology. All Rights Reserved.